Carta a las comunidades indígenas y cristianas (Registro nro. 51963)
[ vista simple ]
| 000 -LÍDER | |
|---|---|
| Campo fijo de descripción fija | 00975aab a2200193 4500 |
| 001 - NÚMERO DE CONTROL | |
| Campo de control | 768714001 |
| 003 - IDENTIFICADOR DEL NÚMERO DE CONTROL | |
| Campo de control | CO-MdFUSB |
| 005 - FECHA Y HORA DE LA ULTIMA TRANSACCIÓN | |
| control field | 20250726113944.0 |
| 008 - ELEMENTOS DE LONGITUD FIJA -- INFORMACIÓN GENERAL | |
| Campo fijo de descripción fija -- Información general | 250726t1992 ag ||||| |||| 00| 0 spa d |
| 040 ## - FUENTE DE CATALOGACIÓN | |
| Idioma de catalogación | spa |
| Agencia que realiza la transcripción | CO-MdFUSB |
| 245 10 - TÍTULO | |
| Título | Carta a las comunidades indígenas y cristianas |
| 246 ## - FORMA VARIANTE DEL TITULO | |
| Título propiamente dicho/forma breve del título | Evangélicos ante el Quinto Centenario |
| 300 ## - DESCRIPCIÓN FÍSICA | |
| Extensión | Volumen 11, número 2 (abril - Junio, 1992), páginas 30 - 31 |
| Dimensiones | ; 27 cm |
| 520 ## - NOTA DE RESUMEN, ETC. | |
| Nota de sumario, etc. | El presente documento fue redactado por un grupo de misioneros, pastores y profesores evangélicos de Colombia, Ecuador, Perú, Venezuela y los Estados Unidos. La ocasión es que se redactó fue la celebración del curso de Licenciatura y Posgrado del Seminario Teológico Bautista Internacional de Cali, Colombia, del 3 al 20 de junio de 1990. |
| 650 #0 - ASIENTO SECUNDARIO DE MATERIA - TERMINO TEMÁTICO | |
| Término temático o nombre geográfico como elemento de entrada | Evangelización |
| 9 (RLIN) | 362 |
| 773 0# - ASIENTO DE ITEM FUENTE | |
| Título | Iglesia y Misión |
| Biblionumber | 49402 |
| Itemnumber | 59656 |
| Parte(s) relacionada(s) / Volumen., número. (mes año), páginas | Volumen 11, número 2 (abril - Junio, 1992), 30 - 31 |
| Enumeración y primera página | páginas 30 |
| 942 ## - TIPO DE MATERIAL (KOHA) | |
| Tipo de Item KOHA | Artículos de Revista |
| 945 ## - INFORMACIÓN LOCAL DEL REGISTRO | |
| Catalogador | JTF-925 |
No hay ítems disponibles.
